| 000 | 00521nam a22001937a 4500 | ||
|---|---|---|---|
| 005 | 20251108174749.0 | ||
| 008 | 250721s2009 xx 000 0 eng d | ||
| 082 | 1 | 4 | _a610.736/ABD |
| 100 | 1 | _aAbdl Gafour, Mohmmoud | |
| 245 | 1 | 0 | _aMental Health Nursing / |
| 246 | 1 | 1 | _aالصحة الفسية التمريضية |
| 264 | 1 |
_aعمان : _bدار البداية, _c2009. |
|
| 300 | _a186P. | ||
| 650 | 1 | 7 | _aNURSING |
| 650 | 1 | 7 | _aMENTAL HEALTH |
| 700 | 1 | _aAl-Remawi, Nasheet | |
| 942 |
_2ddc _cBK |
||
| 999 |
_c117401 _d117401 |
||